| 000 | 00405nam a2200157 i 4500 | ||
|---|---|---|---|
| 001 | 58036 | ||
| 003 | ES-MaACL | ||
| 005 | 20230906163719.0 | ||
| 007 | t| | ||
| 008 | 031020s1934 xxk ||||1| eng d | ||
| 100 | 1 |
_aDunne, J. W. _946061 |
|
| 245 | 1 | 3 |
_aAn experiment with time / _cby J.W. Dunne. |
| 260 |
_aLondon : _bFaber and Faber, _c1934. |
||
| 300 |
_a288 p. ; _c19 cm. |
||
| 852 |
_aES-MaACL _jA-3193 |
||
| 999 |
_c58036 _d58036 |
||